01107nam a22002777a 450000500170000000800410001702000180005804000250007604100080010104400070010908200200011624501800013626000590031630000370037565000390041265000460045165000500049765000490054765000480059670000300064470000320067470000220070670000220072870000420075070000370079220150311113428.0090923s2008 ck ab gr 00010dspa d a9789587161595 aCO-BoIAVHcCO-BoIAVH aspa ack04a338.1762 bJ41p03aEl poder de la carne : bhistorias de ganaderías en la primera mitad del siglo XX en Colombia / cLuis Guillermo Baptiste ... [et al.] ; editor Alberto G. Flórez Malagón3 aBogotá : bPontificia Universidad Javeriana, c2008. a439 p. : bil., mapas ; c24 cm. aGanaderíax Historiaz Colombia. 6aMercadeo de ganadox Historiaz Colombia. 6aProductividad ganaderax Historiaz Colombia. aIndustria de la carnex Historiaz Colombia. aCarnex Producciónx Historiaz Colombia.1 aBolívar, Ingrid Johanna1 aFlórez-Malagón, Alberto1 aGallini, Stefania1 aAusdal, Shawn Van1 aFlórez Malagón, Alberto G., eed.1 aBaptiste-Ballera, Luis Guillermo